000 00604nam a22002177a 4500
003 UA-OsUOA
001 123356
007 ta
008 20170613b un ||||| |||| 00| 0 ukr d
100 _aСимоненко Л. О.
090 _a81
_bС37
942 _cSA
040 _aUA-OsUOA
_bukr
_cUA-OsUOA
_dUA-OsUOA
245 _aТермін як предмет лексикографії
300 _aС. 35-49
955 _a0
041 _aukr
080 _a81
773 0 _w123354
650 7 _a8 Мовознавство. Художня література. Літературознавство
_2UDC
999 _c410339
_d410339